[Event "Porto Sant Elpidio op-B 5th"]
[Site "Porto Sant Elpidio"]
[Date "2002.11.03"]
[Round "3"]
[White "Marinucci, Johnny"]
[Black "Muzzi, Claudio"]
[Result "1/2-1/2"]
[WhiteElo "1534"]
[BlackElo "1536"]
[PlyCount "116"]
[EventDate "2002.11.02"]
[EventType "swiss"]
[EventRounds "6"]
[EventCountry "ITA"]
[SourceTitle "EXT 2024"]
[Source "ChessBase"]
[SourceDate "2023.10.10"]
[SourceVersion "1"]
[SourceVersionDate "2023.10.10"]
[SourceQuality "1"]

1. d4 Nf6 2. Nf3 g6 3. Bf4 Bg7 4. e3 d6 5. h3 Nbd7 6. Be2 c5 7. c3 Qa5 8. 0-0 0-0 9. Nbd2 cxd4 10. exd4 Qf5 11. Bh2 Nb6 12. Re1 Qd7 13. a4 a5 14. Bb5 Qc7 15. Qe2 e6 16. Ng5 Rd8 17. Nge4 Nxe4 18. Nxe4 Qe7 19. Bd3 f5 20. Nd2 e5 21. dxe5 dxe5 22. Nc4 Nd7 23. Nxe5 Nxe5 24. Bc4+ Kf8 25. Bxe5 Qxe5 26. Qxe5 Bxe5 27. Rxe5 Bd7 28. Bb3 Ra6 29. Rb1 Bc6 30. Re2 Be4 31. Bc2 Bxc2 32. Rxc2 Rad6 33. Rcc1 Rd2 34. b4 Ra2 35. bxa5 Rdd2 36. Rf1 Rxa4 37. Rxb7 Rxa5 38. Rxh7 Rad5 39. Kh2 Rd1 40. Rxd1 Rxd1 41. Kg3 Rd3+ 42. Kf4 Rxc3 43. Kg5 Rc6 44. f4 Ra6 45. g4 fxg4 46. hxg4 Kg8 47. Rh3 Kg7 48. Rf3 Ra5+ 49. Kh4 Ra1 50. f5 Rh1+ 51. Kg5 gxf5 52. Kxf5 Rb1 53. Kg5 Rb5+ 54. Rf5 Rxf5+ 55. Kxf5 Kf7 56. g5 Kg7 57. g6 Kg8 58. Kf6 Kf8 1/2-1/2

[Event "Porto Sant Elpidio op-B 5th"]
[Site "Porto Sant Elpidio"]
[Date "2002.11.03"]
[Round "2"]
[White "Muzzi, Claudio"]
[Black "Perogio, Lorenzo"]
[Result "0-1"]
[WhiteElo "1536"]
[BlackElo "1518"]
[PlyCount "33"]
[EventDate "2002.11.02"]
[EventType "swiss"]
[EventRounds "6"]
[EventCountry "ITA"]
[SourceTitle "EXT 2024"]
[Source "ChessBase"]
[SourceDate "2023.10.10"]
[SourceVersion "1"]
[SourceVersionDate "2023.10.10"]
[SourceQuality "1"]

1. e4 e5 2. Nf3 Nc6 3. Bc4 Nf6 4. Ng5 d5 5. exd5 Na5 6. Bb5+ c6 7. dxc6 bxc6 8. Be2 h6 9. Nf3 e4 10. Ne5 Bd6 11. d4 0-0 12. 0-0 Qc7 13. Bd2 Be6 14. Bxa5 Qxa5 15. Nc4 Bxc4 16. Bxc4 Qg5 17. Qe2 0-1

[Event "Castelfidardo op 4th"]
[Site "Castelfidardo"]
[Date "2000.12.03"]
[Round "5"]
[White "Muzzi, Claudio"]
[Black "Marinucci, Johnny"]
[Result "1/2-1/2"]
[WhiteElo "1470"]
[BlackElo "1365"]
[PlyCount "111"]
[EventDate "2000.11.25"]
[EventType "swiss"]
[EventRounds "6"]
[EventCountry "ITA"]
[SourceTitle "EXT 2008"]
[Source "ChessBase"]
[SourceDate "2007.11.25"]
[SourceVersion "1"]
[SourceVersionDate "2007.11.25"]
[SourceQuality "1"]

1. e4 Nf6 2. Nc3 d5 3. exd5 Nxd5 4. Nxd5 Qxd5 5. c4 Qe4+ 6. Qe2 Qxe2+ 7. Bxe2 b6 8. Bf3 c6 9. b4 Bb7 10. Ne2 Nd7 11. Bb2 e5 12. b5 Rc8 13. g4 Nc5 14. 0-0 e4 15. Bg2 cxb5 16. cxb5 Nd3 17. Bc3 f6 18. Nc1 Nf4 19. Re1 Nxg2 20. Kxg2 Bd6 21. Nb3 0-0 22. Kg1 Rfe8 23. Rac1 Bf4 24. Bb4 Rcd8 25. Rc2 Rd3 26. Rc3 Red8 27. Rec1 Rxc3 28. Rxc3 Kf7 29. Rc2 Kg6 30. Nc1 h5 31. Ne2 Be5 32. Bc3 Bb8 33. h3 hxg4 34. hxg4 Rh8 35. Nd4 e3 36. Nc6 e2 37. d4 Kg5 38. Rxe2 Kxg4 39. Re7 Ba8 40. Rxg7+ Kf5 41. d5 Bd6 42. Rxa7 Ke4 43. Bxf6 Rg8+ 44. Kf1 Kxd5 45. Ne7+ Bxe7 46. Bxe7 Kc4 47. Bh4 Kxb5 48. f4 Bd5 49. a3 Rg2 50. Bg5 Ra2 51. Ke1 Kc6 52. Be7 Kb5 53. f5 Kc4 54. f6 Kd3 55. Rd7 Ke4 56. Rxd5 1/2-1/2